[Event "Landesliga U20 Sued 1718"]
[Site "Bayern"]
[Date "2018.01.27"]
[Round "4.3"]
[White "Schamberger, Stefan"]
[Black "Acharya, Noah"]
[Result "1-0"]
[WhiteElo "1471"]
[BlackElo "1148"]
[PlyCount "93"]
[EventDate "2017.11.18"]
[EventType "team-tourn"]
[EventRounds "7"]
[EventCountry "GER"]
[SourceTitle "EXT 2022"]
[Source "ChessBase"]
[SourceDate "2021.10.06"]
[SourceVersion "1"]
[SourceVersionDate "2021.10.06"]
[SourceQuality "1"]
[WhiteTeam "Sendling SC U20"]
[BlackTeam "Unterhaching U20"]
[WhiteTeamCountry "GE2"]
[BlackTeamCountry "GER"]

1. e4 e5 2. Nf3 Nc6 3. Bc4 Nf6 4. Nc3 d6 5. Ng5 d5 6. exd5 Nxd5 7. Nxf7 Kxf7 8. Bxd5+ Ke8 9. Bxc6+ bxc6 10. Qh5+ Kd7 11. Qxe5 Bd6 12. Qf5+ Ke8 13. Qe4+ Kd7 14. Qg4+ Ke8 15. Qxg7 Qe7+ 16. Qxe7+ Kxe7 17. 0-0 Kd7 18. d4 Rg8 19. d5 Kd8 20. Rd1 Re8 21. dxc6 Bf5 22. Bf4 Re6 23. Nb5 Ke7 24. Bxd6+ cxd6 25. Nd4 Re5 26. Nxf5+ Rxf5 27. Rd3 Kd8 28. Rxd6+ Kc7 29. Rad1 Re8 30. h3 Rfe5 31. Rd7+ Kxc6 32. Rxh7 Re2 33. Rc1 Rf8 34. Rg7 Rfxf2 35. b3 a6 36. a4 a5 37. h4 Rf5 38. Kh2 Re3 39. g3 Re2+ 40. Kh3 Re3 41. Rd1 Kc5 42. Rg5 Rxg5 43. hxg5 Re7 44. Kg4 Rg7 45. Kh5 Rg8 46. Kh6 Kb4 47. Rd5 1-0

[Event "Landesliga U20 Sued 1718"]
[Site "Bayern"]
[Date "2017.12.02"]
[Round "3.3"]
[White "Acharya, Noah"]
[Black "Goderbauer, Lukas"]
[Result "0-1"]
[WhiteElo "1148"]
[BlackElo "1422"]
[PlyCount "102"]
[EventDate "2017.11.18"]
[EventType "team-tourn"]
[EventRounds "7"]
[EventCountry "GER"]
[SourceTitle "EXT 2022"]
[Source "ChessBase"]
[SourceDate "2021.10.06"]
[SourceVersion "1"]
[SourceVersionDate "2021.10.06"]
[SourceQuality "1"]
[WhiteTeam "Unterhaching U20"]
[BlackTeam "Moosburg SC U20"]
[WhiteTeamCountry "GER"]
[BlackTeamCountry "GER"]

1. e4 d5 2. exd5 Qxd5 3. Nc3 Qa5 4. Bc4 Nf6 5. d3 c6 6. Nf3 Bg4 7. Bd2 Qc7 8. h3 Bh5 9. Bg5 Nbd7 10. 0-0 e6 11. Qe2 Be7 12. Qe3 0-0 13. Bf4 Bd6 14. Bxd6 Qxd6 15. Rad1 Rfe8 16. Ne4 Nxe4 17. dxe4 Qc7 18. Be2 Red8 19. c3 Bg6 20. Bd3 Ne5 21. Bc2 Nc4 22. Rxd8+ Qxd8 23. Qc1 Qb6 24. b3 Nd6 25. Rd1 Nxe4 26. Bxe4 Bxe4 27. Qd2 Bxf3 28. gxf3 Qc7 29. Kh1 Kf8 30. Qd6+ Qxd6 31. Rxd6 Ke7 32. Rd4 Rd8 33. Rh4 h6 34. Rg4 Kf6 35. Kg2 Rd5 36. Rf4+ Rf5 37. Rd4 Rd5 38. Rf4+ Ke7 39. Rb4 b6 40. c4 Ra5 41. a4 c5 42. Rb5 Rxb5 43. axb5 Kd6 44. f4 e5 45. Kf3 f5 46. h4 g6 47. Ke3 exf4+ 48. Kxf4 Ke6 49. f3 Kf6 50. Kg3 Ke5 51. f4+ Ke4 0-1